| 000 | 01550nam a22002417a 4500 | ||
|---|---|---|---|
| 003 | DO-SdBNP | ||
| 005 | 20230904134055.0 | ||
| 006 | a||||gr|||| 00| 0 | ||
| 007 | ta | ||
| 008 | 230807e1953 dr ac||| |||| 00| p spa d | ||
| 040 |
_aDO-SdBNP _bspa _cBNPHU _erda |
||
| 082 | 4 |
_222 _bJ61b |
|
| 100 | 1 |
_aMoreno Jimenes, Domingo, _d1894-1986 _975550 _eautor |
|
| 245 | 1 | 0 |
_aBases del Instituto de la poesía Osvaldo Bazil de la Benemérita Ciudad de San Cristóbal. / _cD. Moreno Jimenes |
| 264 | 1 |
_aCiudad Trujillo : _bInstituto de Poesía Osvaldo Bazil, _c1953 |
|
| 300 |
_a15 páginas ; _c23 cm |
||
| 336 |
_2rdaconten _atexto _btxt |
||
| 337 |
_2rdamedia _asin medición _bn |
||
| 338 |
_2rdacarrier _avolumen _bnc |
||
| 500 | _aQuien sea impasible ante un lágrima humana no puede ser artista. el arte es lo más humano dentro de lo humano; y la poesía, que es la suma de todas las artes: las acústicas y las plásticas; las t; las terrenas y las etéreas, no puede ser una realidad cabal si el hombre no exprime su ser en ella hasta agotarse en la última pulsación de sus arterias. La poesía no es un sueño impalpable ni un suspiro vano: la poesía es la heroicidad mayor entre todas las grandes heroicidades de la tierra. Nadie puede evadirla ; nadie puede disentir de ella: se nos impone como una realidad mayor a la realidad mayor de nuestra vida. Por ella somo abnegados de la mayor abnegación y los mayores integrantes y desintegrantes a la vez en el concierto de la vida cósmica. | ||
| 590 | _aInventariado 2023 / MF | ||
| 942 |
_2ddc _cLBS1 |
||
| 999 |
_c54336 _d54336 |
||